000 00236nam a22000857a 4500
008 160818b xxu||||| |||| 00| 0 eng d
100 _9168
_aSatish Kumar
245 _aAkbar & Beerbal (Hindi)
260 _aNew Delhi
_bSamaj Siksha publisher
_c2007
999 _c2826
_d2826